BSOP header

He goes before them-- even into prison / (Record no. 54965)

MARC details
000 -LEADER
fixed length control field 01271cam a2200325Ia 4500
001 - CONTROL NUMBER
control field 33982534
003 - CONTROL NUMBER IDENTIFIER
control field OCoLC
005 - DATE AND TIME OF LATEST TRANSACTION
control field 20251204152002.0
008 - FIXED-LENGTH DATA ELEMENTS--GENERAL INFORMATION
fixed length control field 960103s1993 inuacf 000 0beng d
035 ## - SYSTEM CONTROL NUMBER
System control number (OCoLC)33982534
040 ## - CATALOGING SOURCE
Original cataloging agency KAT
Transcribing agency KAT
Modifying agency KWW
-- OCL
043 ## - GEOGRAPHIC AREA CODE
Geographic area code a-cc---
049 ## - LOCAL HOLDINGS (OCLC)
Holding library MAIN
100 1# - MAIN ENTRY--PERSONAL NAME
Personal name Helsby, Meredith.
245 10 - TITLE STATEMENT
Title He goes before them-- even into prison /
Statement of responsibility, etc by Meredith and Christine Helsby.
260 ## - PUBLICATION, DISTRIBUTION, ETC. (IMPRINT)
Place of publication, distribution, etc Greenwood, IN :
Name of publisher, distributor, etc OMS International,
Date of publication, distribution, etc c1993.
300 ## - PHYSICAL DESCRIPTION
Extent viii, 180 p., [24] p. of plates :
Other physical details ill., ports., facsim. ;
Dimensions 21 cm.
336 ## - CONTENT TYPE
Content Type Term text
337 ## - MEDIA TYPE
Media Type Term unmediated
338 ## - CARRIER TYPE
Carrier Type Term volume
505 ## - FORMATTED CONTENTS NOTE
Formatted contents note Storm clouds--<br/>Beginnings--<br/>Christine's story--<br/>House arrest--<br/>Weihsien--<br/>Food--<br/>Repatriation--<br/>Solitary--<br/>Escape--<br/>Tragedy--<br/>Christmas 1944--<br/>Eric--<br/>Liberation--<br/>Return to Peking--<br/>Lessons--<br/>The afteryears--<br/>Taiwan, 1956-1978--
600 10 - SUBJECT ADDED ENTRY--PERSONAL NAME
Personal name Helsby, Meredith.
600 10 - SUBJECT ADDED ENTRY--PERSONAL NAME
Personal name Helsby, Christine,
Dates associated with a name 1915-
610 20 - SUBJECT ADDED ENTRY--CORPORATE NAME
Corporate name or jurisdiction name as entry element OMS International
Geographic subdivision China
General subdivision History.
650 #0 - SUBJECT ADDED ENTRY--TOPICAL TERM
Topical term or geographic name as entry element Missionaries
Geographic subdivision China
Form subdivision Biography.
650 #0 - SUBJECT ADDED ENTRY--TOPICAL TERM
Topical term or geographic name as entry element World War, 1939-1945
General subdivision Prisoners and prisons, Japanese.
650 #0 - SUBJECT ADDED ENTRY--TOPICAL TERM
Topical term or geographic name as entry element World War, 1939-1945
Form subdivision Personal narratives, American.
700 1# - ADDED ENTRY--PERSONAL NAME
Personal name Helsby, Christine,
Dates associated with a name 1915-
942 ## - ADDED ENTRY ELEMENTS (KOHA)
Source of classification or shelving scheme Library of Congress Classification
Item type Books
Holdings
Withdrawn status Lost status Source of classification or shelving scheme Damaged status Not for loan Home library Current library Shelving location Date acquired Inventory number Total Checkouts Full call number Barcode Date last seen Price effective from Koha item type
    Library of Congress Classification     BSOP Library BSOP Library GC 12/04/2025 50060   BV3427.H44 H36 1993 00062731 12/04/2025 12/04/2025 Books
BSOP

Biblical Seminary of the Philippines
  All rights Reserved
  © 2024

CONTACT INFORMATION

Biblical Seminary of the Philippines,
  77-B Karuhatan Road, Valenzuela City,
  PHILIPPINES 1441
  Phone: +632 8292-6795 / 8292-6798
  Fax : +632 8292-6675
  Email: library@bsop.edu.ph